<?xml version="1.0" encoding="UTF-8"?>
<collection xmlns="http://www.loc.gov/MARC21/slim">
 <record>
  <leader>00686pamaa2200169   4500</leader>
  <controlfield tag="001">0000021172</controlfield>
  <controlfield tag="005">20060523090000.0</controlfield>
  <datafield tag="020" ind1="0" ind2="0">
   <subfield code="a">0300060696 (pbk) </subfield>
  </datafield>
  <datafield tag="082" ind1=" " ind2=" ">
   <subfield code="a">947.0841 GOR 1995</subfield>
  </datafield>
  <datafield tag="090" ind1="0" ind2="0">
   <subfield code="a">DK265.17 </subfield>
   <subfield code="b">GOR 1995</subfield>
  </datafield>
  <datafield tag="100" ind1="1" ind2="0">
   <subfield code="a">GORKY </subfield>
  </datafield>
  <datafield tag="245" ind1="1" ind2="0">
   <subfield code="a">Untimely thoughts : </subfield>
   <subfield code="b">essays on revolution, culture and the Bolsheviks, 1917-1918  </subfield>
   <subfield code="c">Maxim Gorky ; with a new introduction and chronology by Mark D. Steinburg ; translated from the Russian and with notes by Herman Ermolaev.</subfield>
  </datafield>
  <datafield tag="260" ind1="0" ind2="0">
   <subfield code="a">New Haven: </subfield>
   <subfield code="b">Yale University Press, </subfield>
   <subfield code="c">1995.</subfield>
  </datafield>
  <datafield tag="300" ind1=" " ind2=" ">
   <subfield code="a">xli, 300 p. ; 22 cm.</subfield>
  </datafield>
  <datafield tag="651" ind1="0" ind2="0">
   <subfield code="a">Soviet Union -- </subfield>
   <subfield code="x">History -- </subfield>
   <subfield code="x">Revolution, 1917-1921 </subfield>
  </datafield>
  <datafield tag="700" ind1="1" ind2="1">
   <subfield code="a">ERMOLAEV, </subfield>
   <subfield code="h">Herman </subfield>
  </datafield>
  <datafield tag="700" ind1="1" ind2="1">
   <subfield code="a">Steinberg, </subfield>
   <subfield code="h">Mark D. </subfield>
  </datafield>
 </record>
</collection>
